| 000 | 01845nam0a2200289 4500 | ||
|---|---|---|---|
| 001 | RU\NLR\bibl\1709274 | ||
| 005 | 20260408025722.0 | ||
| 021 |
_aRU _b2010-86179 _95763 |
||
| 035 | _a(NLR Aleph) 001700312 | ||
| 090 |
_a1216183 _c1216183 |
||
| 100 | _a20101203d2010 |||y0rusy50 ca | ||
| 101 | 0 | _arus | |
| 102 | _aRU | ||
| 105 | _aa ||||||||| | ||
| 200 | 1 |
_aЭлементы высшей математики _eучебно-методическое пособие по курсу высшей математики для специальности 350800.65 "Документоведение и документационное обеспечение" _e[для студентов всех форм обучения] _fГос. образоват. учреждение высш. проф. образования "Магнитогор. гос. ун-т", Каф. "Документоведения и мат. дисциплин" _g[сост.: доц., к.п.н. С.С. Великанова] |
|
| 210 |
_aМагнитогорск _cИзд-во Магнитогорского государственного университета _d2010 |
||
| 215 |
_a34 с. _cил. _d20 |
||
| 606 | 1 |
_aМатематика _jУчебно-методические пособия для высших учебных заведений _9922118 _3RU\NLR\auth\6619329 |
|
| 686 | _aВ11я73-1 | ||
| 702 | 1 |
_aВеликанова _bС. С. _gСветлана Семеновна _4220 |
|
| 712 | 0 | 2 |
_4570 _aМагнитогорский государственный университет _bКафедра документоведения и математических дисциплин _3RU\NLR\AUTH\8810186967 _9867865 |
| 801 | 0 |
_aRU _bNLR _c20101203 _gRCR |
|
| 801 | 1 |
_aRU _bNLR _c20101203 |
|
| 830 | _aсост. по кн. | ||
| 942 | _cBOOK | ||
| 980 | _aNB | ||